Skład reprezentacji Polski vs Senegal na MŚ 2018 - Statystyki

Ogólne statystyki
  • Ten quiz został rozwiązany 518 razy
  • Średni wynik to 9 z 11
Statystyki odpowiedzi
Numer Pozycja Zawodnik % Poprawnych
1 Bramkarz Wojciech Szczęsny
99%
9 Napastnik Robert Lewandowski
98%
7 Cofnięty napastnik Arkadiusz Milik
95%
10 Środkowy pomocnik Grzegorz Krychowiak
89%
16 Prawy pomocnik Jakub Błaszczykowski
87%
20 Prawy obrońca Łukasz Piszczek
86%
11 Lewy pomocnik Kamil Grosicki
85%
19 Środkowy pomocnik Piotr Zieliński
85%
2 Środkowy obrońca Michał Pazdan
81%
13 Lewy obrońca Maciej Rybus
67%
4 Środkowy obrońca Thiago Cionek
67%
Nie znaleziono quizów pasujących do podanych kryteriów
Rozkład punktacji
Procent ludzi z każdym wynikiem
Percentyl według liczby udzielonych odpowiedzi
Twoja historia wyników
Nie rozwiązałeś tego quizu